Duties on air values (Record no. 116583)

MARC details
000 -LEADER
fixed length control field 00576cam a22001935a 4500
001 - CONTROL NUMBER
control field L141090
008 - FIXED-LENGTH DATA ELEMENTS--GENERAL INFORMATION
fixed length control field 071026s1910 xxk eng u
035 ## - SYSTEM CONTROL NUMBER
System control number (Sirsi) u141090
041 0# - LANGUAGE CODE
Language code of text/sound track or separate title eng
245 00 - TITLE STATEMENT
Title Duties on air values
260 ## - PUBLICATION, DISTRIBUTION, ETC.
Place of publication, distribution, etc. Exeter
Name of publisher, distributor, etc. Flying Post
Date of publication, distribution, etc. [1910]
300 ## - PHYSICAL DESCRIPTION
Extent 2 leaves
Dimensions 34 x 21 cm.
340 ## - PHYSICAL MEDIUM
Material base and configuration Printed
351 ## - ORGANIZATION AND ARRANGEMENT OF MATERIALS
Hierarchical level Single item
500 ## - GENERAL NOTE
General note Item is a parody on 'Form IV' issued in connection with returns to be made under the Finance (1909-10) Act 1910.
651 4# - SUBJECT ADDED ENTRY--GEOGRAPHIC NAME
Geographic name United Kingdom
Chronological subdivision
690 ## - LOCAL SUBJECT ADDED ENTRY--TOPICAL TERM (OCLC, RLIN)
Topical term or geographic name as entry element PROPERTY-PROPERTY TAXATION
942 ## - ADDED ENTRY ELEMENTS (KOHA)
Suppress in OPAC 0
Holdings
Withdrawn status Lost status Source of classification or shelving scheme Damaged status Not for loan Home library Current library Shelving location Date acquired Total Checkouts Full call number Barcode Date last seen Copy number Price effective from Koha item type
    Dewey Decimal Classification     London London Basement 26/10/2007   BASEMENT BOX 4 141090-1001 06/08/2019 1 06/08/2019 Archive